| 000 | 00486nam a22001697a 4500 | ||
|---|---|---|---|
| 003 | SGT | ||
| 020 | _a9789339205157 | ||
| 082 | _a515.9,BRO | ||
| 100 | _aJAMES WARD BROWN | ||
| 245 | _aCOMPLEX VARIABLES AND APPLICATIONS | ||
| 250 | _a8TH | ||
| 260 |
_aNEW DELHI _bMC GRAW HILL EDUCATION _c2015 |
||
| 300 | _a468 | ||
| 650 | _aMATHEMATICS (FUNCTIONS OF COMPLEX VARIABLES) | ||
| 653 | _aCOMPLEX NUMBERS,ANALYTIC FUNCTIONS,ELEMENTARY FUNCTIONS, INTEGRALS, SERIES | ||
| 942 |
_2ddc _cFPS |
||
| 999 |
_c9407 _d9407 |
||